Ďurďovičová, Marta: Trh práce a riešenie jeho disproporcií prostredníctvom vzdelávania dospelých. Bratislava, Ekonóm 1998, 147 s.
Recenzia diela Marty Ďurďovičovej Trh práce a riešenie jeho disproporcií prostredníctvom vzdelávania dospelých. Obsah monografie: Vzdelávací proces ako riešenie problémov nezamestnanosti. Spracovanie základných sociálno-ekonomických dôsledkov nezamestnanosti. Ľudské zdroje ako potenciálna forma kapi...
Gespeichert in:
| 1. Verfasser: | |
|---|---|
| Format: | Buchkapitel |
| Sprache: | Slowakisch |
| Schlagworte: | |
| Tags: |
Keine Tags, Fügen Sie das erste Tag hinzu!
|
MARC
| LEADER | 00000naa a2200000 4500 | ||
|---|---|---|---|
| 001 | r034827 | ||
| 005 | 20230918123058.2 | ||
| 041 | 0 | |a slo | |
| 044 | |a SK | ||
| 245 | 1 | 0 | |a Ďurďovičová, Marta: Trh práce a riešenie jeho disproporcií prostredníctvom vzdelávania dospelých. Bratislava, Ekonóm 1998, 147 s. |c Otakar Srna |
| 520 | |a Recenzia diela Marty Ďurďovičovej Trh práce a riešenie jeho disproporcií prostredníctvom vzdelávania dospelých. Obsah monografie: Vzdelávací proces ako riešenie problémov nezamestnanosti. Spracovanie základných sociálno-ekonomických dôsledkov nezamestnanosti. Ľudské zdroje ako potenciálna forma kapitálu. Problémy ďalšieho vzdelávania na vidieku. Trh vzdelávania a profesijná mobilita trhu práce. Vzdelávanie dospelých v súčasných podmienkach. Charakteristika informačnej spoločnosti 21. storočia. | ||
| 610 | 2 | 0 | |a vzdelávanie ďalšie |
| 610 | 2 | 0 | |a dospelí |
| 610 | 2 | 0 | |a rekvalifikácia |
| 610 | 2 | 0 | |a nezamestnanosť |
| 610 | 2 | 0 | |a zdroje ľudské |
| 610 | 2 | 0 | |a trh práce |
| 610 | 2 | 0 | |a vidiek |
| 610 | 2 | 0 | |a spoločnosť informačná |
| 610 | 2 | 0 | |a andragogika |
| 610 | 2 | 0 | |a Slovensko |
| 610 | 2 | 0 | |a recenzie |
| 100 | 1 | |a Srna, Otakar | |